[Event "Novosibirsk April op"]
[Site "Novosibirsk"]
[Date "2008.04.06"]
[Round "2"]
[White "Akishev, Alexander"]
[Black "Kocherov, Evgeny"]
[Result "1-0"]
[WhiteElo "2159"]
[BlackElo "1976"]
[PlyCount "75"]
[EventDate "2008.04.05"]
[EventType "swiss"]
[EventRounds "9"]
[EventCountry "RUS"]
[SourceTitle "EXT 2010"]
[Source "ChessBase"]
[SourceDate "2010.11.25"]
[SourceVersion "1"]
[SourceVersionDate "2010.11.25"]
[SourceQuality "1"]

1. e4 c5 2. Nf3 Nc6 3. d4 cxd4 4. Nxd4 g6 5. Nxc6 bxc6 6. Qd4 Nf6 7. e5 Nd5 8. e6 Nf6 9. exd7+ Qxd7 10. Qa4 Bg7 11. Be2 Qc7 12. 0-0 0-0 13. Nd2 Rd8 14. Nb3 Nd5 15. Bf3 Bb7 16. Nc5 Nb6 17. Qb3 Rab8 18. Nxb7 Rxb7 19. c3 Nd7 20. Qc2 Ne5 21. Be2 Rdb8 22. Rb1 Qa5 23. b3 Nd7 24. Bd2 f5 25. Rbc1 e5 26. Be3 Qc7 27. Ba6 Rb6 28. Bxb6 axb6 29. Bc4+ Kh8 30. b4 b5 31. Bb3 c5 32. c4 cxb4 33. cxb5 Qxc2 34. Rxc2 Rxb5 35. Ba4 Rc5 36. Rd1 Rxc2 37. Bxc2 Nf8 38. Rb1 1-0